00244nam a2200085Ia 450000100070000000500170000700800410002424500710006526000220013669375120250826161920.0250824s9999 xx 000 0 und d 0a1000 Soruda Kur an ve Tefsir Soru HazinesicProf. Dr. Ali Akpınar bKİTAP DÜNYASI